000 01468nam a2200349Ia 4500
001 ebr10740156
003 CaPaEBR
006 m o u
007 cr cn|||||||||
008 130530r20132013enk sb 001 0 eng d
010 _z 2013020970
020 _z9781118656280 (pbk.)
020 _z9781118656273
040 _aCaPaEBR
_cCaPaEBR
035 _a(OCoLC)847532564
050 1 4 _aGT498.B55
_bB578 2013eb
082 0 4 _a306.4
_223
245 0 0 _aBlood will out
_h[electronic resource] :
_bessays on liquid transfers and flows /
_cedited by Janet Carsten.
260 _aChichester, West Sussex, United Kingdom :
_bJohn Wiley & Sons Inc.,
_c2013.
300 _aviii, 187 p.
500 _a"Originally published as volume 19, special Issue May 2013 of The Journal of the Royal Anthropological Institute".
504 _aIncludes bibliographical references and index.
533 _aElectronic reproduction.
_bPalo Alto, Calif. :
_cebrary,
_d2013.
_nAvailable via World Wide Web.
_nAccess may be limited to ebrary affiliated libraries.
650 0 _aBlood
_xSymbolic aspects.
650 0 _aBlood
_xSocial aspects.
650 0 _aBlood
_xHistory.
655 7 _aElectronic books.
_2local
700 1 _aCarsten, Janet.
710 2 _aebrary, Inc.
730 0 _aJournal of the Royal Anthropological Institute.
_pSpecial issue.
856 4 0 _uhttp://site.ebrary.com/lib/rucke/Doc?id=10740156
_zAn electronic book accessible through the World Wide Web; click to view
999 _c35286
_d35286